000 00647nam a22002297a 4500
003 UA-OsUOA
001 97343
007 ta
008 20130328b un ||||| |||| 00| 0 ukr d
100 _aОмельченко Н.
090 _a821.161.1
_bО-57
942 _cBK
040 _aUA-OsUOA
_brus
_cUA-OsUOA
_dUA-OsUOA
245 _aЧеловек со шрамом
_bрассказы, повесть
300 _a163 с.
955 _a3
041 _arus
080 _a821.161.1
260 _aК.
_bХудожня лытература
_c1963
650 7 _a82 Література. Літературознавство
_2UDC
999 _c383594
_d383594